Quizzes
Events
Quiz Creation
Community
Videos
Private Events
Remove Ads
Sign In
Join for FREE
Feedback
Dark Mode
Quiz Categories
Sports
Geography
Music
Movies
Television
Just For Fun
Miscellaneous
History
Literature
Language
Science
Gaming
Entertainment
Religion
Holiday
For Kids
Quiz Lab
Recent
Popular Today
Quiz Kudos Today
Editor Picks
Curator Picks
Quizzes by...
Day
Popularity
Type
Ratings
Length
Year
Community
Subscriptions
Recent Discussions
Orange Saloon
Badges
Playlists
Quests
Create
Leaderboards
Showdown
Live 5
Trivia Bingo
Activity
Puzzle Library
Sporcle Events
Private Events
Virtual Trivia
Globe League
Become a Host
Pub Owners
SporcleCon
Opinionation
Our Games
Videos
Blog
Mobile Apps
Partnerships
Remove Ads and Go Orange
Feedback
Music
Pop Music
The Beatles
Song
Album
Lyrics
Bands
Singers
Artist
Clip
Rock
Rap
Classical
Billboard
Country Music
Kpop
Taylor Swift
Music
Pop Music
The Beatles
Song
Album
Lyrics
Bands
Singers
Artist
Clip
Rock
Rap
Classical
Billboard
Country Music
Kpop
Taylor Swift
Random Quiz
Search Sporcle
×
Quiz Lab
Quiz Lab
Music
Lyrics
Type in answers that appear in a list
Type in answers that appear in a list
Classic
Best Score? Go Orange.
Lyrics to the Galavant Theme Stats
Can you name the lyrics to the Galavant Theme?
By
ReinDragonlord
7m
221 Questions
653 Plays
653 Plays
653 Plays
Comments
Comments
Give Quiz Kudos
Give Quiz Kudos
-
- Ratings
hide this ad
Replay
Link that replays current quiz
Next Quiz
Link to next quiz in quiz playlist
You Got
0%
They Got
Avg Score
78%
Avg Friend Score
Upgrade to see
Score Distribution
Jump to the score distribution portion of the page
Score
0/221
Timer
07:00
0
Plays Today
Answer
% Correct
Galavant
99.1%
a
98.9%
a
98.9%
Galavant
98.9%
Galavant
98.9%
A
98.9%
Gaaaalaaaavaaaant!
98.9%
a
98.9%
A
98.9%
a
98.9%
Gaaaalaaaavaaaant!
98.9%
a
98.9%
a
98.9%
Galavant
98.9%
a
98.9%
A
98.9%
Gaaaalaaaavaaaant!
98.9%
the
98.4%
to
97.7%
He
97.7%
He
97.7%
He
97.7%
to
97.7%
He
97.7%
He
97.7%
to
97.7%
her
97.7%
The
97.5%
The
97.5%
the
97.5%
was
97.4%
was
97.4%
was
97.4%
was
97.4%
her
97.4%
her
97.4%
her
97.4%
her
97.4%
There
97.2%
there
97.2%
There
97.2%
of
96.9%
of
96.9%
Of
96.9%
of
96.9%
of
96.8%
in
96.3%
in
96.3%
in
96.3%
in
96.3%
as
95.5%
as
95.5%
hero
95.4%
hero
95.4%
Day
95.2%
told
94.9%
olde
94%
legend
92.6%
back
92.5%
days
92.5%
back
92.5%
and
92.3%
And
92.3%
And
92.3%
and
92.3%
And
92.3%
and
92.3%
And
92.3%
and
92.3%
and
92.3%
known
92.2%
About
91.7%
Way
91.6%
way!
91.6%
Answer
% Correct
like
90.9%
like
90.9%
like
90.9%
For
90.3%
no
90.2%
No
90.2%
love
89.2%
love
89.2%
we
89.1%
for
88.9%
for
88.9%
she
88.5%
had
86.3%
king
86.3%
had
86.3%
King
86.2%
one
86%
One
86%
one
86%
fair
85.9%
perfect
85.6%
perfect
85.6%
you
85.4%
you
85.4%
hair
84.9%
more
84.5%
more
84.5%
more
84.5%
Madalena
84.2%
Richard
84.2%
Madalena
84.2%
Madalena
84.1%
lady
83.9%
quite
82.9%
tale
82.9%
tale
82.9%
with
82.2%
With
82.2%
his
81.7%
his
81.7%
sin
81.3%
So
81%
him
80.8%
him
80.8%
man
80.6%
maiden
80.3%
be
80.2%
skin
79.9%
body
79.9%
or
79.9%
every
78.2%
every
78.2%
Thrice
77.1%
he'll
76.7%
could
76.7%
less!
76.5%
daily
76.2%
built
75.9%
parade
75.6%
loved
75.4%
hand
75.1%
whole
75%
asked
74.7%
eyes
74.3%
Well
74.2%
Well
74.2%
screaming
74%
demand
74%
out
73.6%
Mess
73.1%
this
73.1%
fairy
73%
we're
72.8%
nearby
72.7%
Answer
% Correct
Lust
72.7%
speaking
72.4%
called
72.2%
acrobatic
72.2%
excess!
72.2%
hold
71.7%
Long
71.6%
cleavage
71.6%
cliché
71.3%
jaw
71.1%
Wedding
70.8%
Square
70.4%
never
70%
henchmen
69.9%
she'd
69.7%
wealth
69.7%
disembowel
68.8%
problem
68.8%
Wild!
68.4%
true
68.2%
true
68.2%
but
68%
legs
67.9%
snatch
67.9%
Soon
67.7%
Royal
67.6%
Yes!
67.4%
tiny
67.4%
stature
67.3%
manly
67.1%
would
66.8%
Nor
66.5%
value
66.1%
people
65.9%
today
65.9%
ruled
65.6%
wildly
65.6%
it
65.3%
can
65%
watched
64.7%
now
64.5%
Now
64.5%
us
64.4%
Yay!
63.6%
arise
63.6%
brings
62.2%
other
62.1%
stop
60.8%
ecstatic
59.4%
Tough
59.1%
plus
58.7%
Richard's
57.8%
Which
57.3%
waits
56.9%
gates
56%
Behind
54.6%
Cajones
52.8%
here
51.8%
go
51.6%
arrival
51.4%
real
50.4%
Poor
49.5%
Ah
49.3%
at
48.1%
Sit
48.1%
butt-clencher!
47.2%
adventure
44.4%
Epic!
42.2%
begins
41.2%
tally-ho
40.4%
Attend
37.2%
last
36.6%
Huzzah
30.6%
Quiz Playlist
Details
Report
Send in Message
Add To Playlist
Classic:
Type in answers that appear in a list
Last Updated: Feb 16, 2017
Quiz Scoreboard
CHALLENGE
Sign Up to Join the Scoreboard
Show All
Scores
Hide
Comments
May contain spoilers
Recently Published
Alphabetical 'K' Countries by Flag Minefield
by ylime102
Geography
3m
Pick 6: Fruits
by JohnFran
Miscellaneous
15s
Click the 1999 NBA Draft
by nibperrychub
Sports
2m
More to Explore
Quiz From the Vault
Featured Blog Post
15 Basketball Trivia Facts You Can Be March Mad About
hide this ad
You Might Also Like...
Tags
Lyrics Quiz
Today's Top Quizzes in Music
Browse Music
hide this ad
Today's Top Quizzes in Lyrics
Browse Lyrics
Top Contributed Quizzes in Music
1
Taylor Swift All Songs (2024)
2
KPOP LOGIC QUIZ
3
A Taylor Swift Logic Puzzle
4
Guess the Taylor Swift song (Mystery Song)
5
K-Pop Murder Mystery Logic Quiz
6
Taylor Swift Logic Puzzle
7
Guess The Taylor Swift Lyrics Song #1
8
kpop group name match up
9
NCT 2020 Logic Puzzle
10
K-Pop : 100 Debut Songs (Part 1 of 3)
Explore More
Trending Topics
Harry Potter
Crossword
Kpop
Marvel
Anime
NBA
Disney
The Office
NFL
Country
WWE
Puzzle
Song
Soccer
Pokémon
hide this ad
More By:
ReinDragonlord
Quiz
Plays
Rating
Category
Featured
Created
lyrics to Thnks Fr Th Mmrs by Fall Out Boy
1,591
4.30
Music
Jul 22, 2015
lyrics to James Bay's Let It Go
1,182
3.67
Music
Jul 21, 2015
lyrics to the Galavant Theme
653
4.71
Music
Jul 23, 2015
Name the Lyrics to Rollarcoaster by Bleachers
360
5.00
Music
Jul 22, 2015
lyrics to Broken Crown
315
4.50
Music
Jul 21, 2015
Go to Creator's Profile
Score Distribution
Quiz Creator Spotlight
ReinDragonlord
Follow
Send a Message
Quizzes Created
-
Created Quiz Play Count
-
More By This Creator
Popular Quizzes Today
1
Countries of Asia Without Outlines Minefield
2
Find the US States - No Outlines Minefield
3
Pick 6: Fruits
4
Alphabetical 'K' Countries by Flag Minefield
5
The Countries of the World
6
Find the US States
7
US States
8
Match the Book to the Film X
More Music Quizzes
80s Songs By First Line II
Quiz Lab
Trending Quizzes
Pick 6: Mountains
Pick 6: Harry Potter
Pick 6: NFL Teams
Pick 6: Movie Franchises
Pick 6: Golfers
Recently Updated
NWSL Teams
pecheneg
Women's Final Four Teams by Year
bhenderson79
Presidents Quartet II
eogle
Anything But Clue(do)
eogle
Anything But Oceanian Capitals
eogle
Anything But 7
eogle
Anything But Thing
eogle
Word Ladder: February 29
pecheneg
Song Title Questions
pecheneg
Women's NCAA Tournament #1 Seeds
pecheneg
Trending Topics
NBA
Kpop
Anime
Marvel
Disney
Harry Potter
Crossword
Soccer
Puzzle
Song
Country
Pokémon
The Office
WWE
NFL
Your Account Isn't Verified!
In order to create a playlist on Sporcle, you need to verify the email address you used during registration. Go to your
Sporcle Settings
to finish the process.
Report this User
Report this user for behavior that violates our
Community Guidelines
.
Details:
Send Report
Go to the Sporcle.com Mobile Site →
Comments